Call of duty - Statistics

Statistiche generali
  • Questo quiz è stato fatto 75 volte
    48 dall'ultimo reset
  • Il punteggio medio è 19 su 23
Statistiche sulle risposte
Anno di uscita Nome del gioco % Corretto
2007 Cod 4: Modern warfare
97%
2019 Cod: Modern warfare
97%
2016 Cod: Modern warfare remastered
97%
2010 Cod: Black ops
94%
2012 Cod: Black ops 2
94%
2015 Cod: Black ops 3
91%
2018 Cod: Black ops 4
88%
2009 Cod: Modern warfare 2
88%
2020 Cod: Modern warfare 2 Campaign remastered
88%
2011 Cod: Modern warfare 3
88%
2022 Cod: Modern warfare II
88%
2023 Cod: Modern warfare III
88%
2014 Cod: Advanced warfare
81%
2024 Cod: Black Ops 6
81%
2003 Cod
78%
2013 Cod: Ghosts
78%
2008 Cod: World at war
78%
2017 Cod: World war 2
78%
2020 Cod: Black ops cold war
75%
2016 Cod: Infinite warfare
72%
2021 Cod: Vanguard
69%
2005 Cod 2
59%
2006 Cod 3
59%
Nessun quiz corrispondente trovato
Distribuzione punteggi
Percentuale di utenti per punteggio
Percentile per numero di risposta
I tuoi punteggi nel tempo
Non hai fatto questo quiz dall'ultimo reset